000 01609nam0a2200373 4500
001 RU\NLR\bibl\159513
005 20260406051138.0
010 _a5-89349-015-0
_93000
021 _aRU
_b2001-3193
_9165
035 _a(NLR Aleph) 000156462
090 _a899114
_c899114
100 _a20010326d2001 |||y0rusy50 ca
101 0 _arus
_aeng
102 _aRU
105 _aa |||||||||
200 1 _aAdvanced English
_eУчеб. англ. яз. для гуманитар. фак. вузов, фак. переподгот. и фак. повышения квалификации учителей иностр. яз.
_fГ. Е. Выборова, К. С. Махмурян, О. П. Мельчина
205 _a4-е изд.
210 _aМ.
_cФлинта
_cНаука
_d2001
215 _a239 с.
_cил.
_d21
300 _aАнгл., рус.
606 0 _aАнглийский язык
_jУчебники для высших учебных заведений
_9972309
_3RU\NLR\auth\6646032
610 0 _aАнглийский язык
675 _a811.111(075.8)
_v3
_zrus
686 _a81.2Англ-923
_2rubbk
686 _aШ143.21-93рус3
700 1 _4070
_8rus
_7ca
_aВыборова
_bГ. Е.
_gГалина Евгеньевна
_3RU\NLR\auth\776284
_9116238
701 1 _4070
_8rus
_7ca
_aМахмурян
_bК. С.
_gКаринэ Степановна
_3RU\NLR\auth\776495
_9116449
701 1 _aМельчина
_gОксана Павловна
_4070
801 0 _aRU
_bRKP
_c20010326
_gPSBO
801 1 _aRU
_bRKP
_c20010326
801 2 _aRU
_bNLR
_c20070622
_grcr
942 _cBOOK
980 _aNB